[Event "Bundesliga 2122"]
[Site "Germany"]
[Date "2022.07.09"]
[Round "13.6"]
[White "Wachinger, Nikolas"]
[Black "Dinstuhl, Volkmar"]
[Result "1-0"]
[WhiteElo "2376"]
[BlackElo "2393"]
[PlyCount "83"]
[EventDate "2022.03.05"]
[EventType "team-tourn"]
[EventRounds "15"]
[EventCountry "GER"]
[SourceTitle "CBM 209 Extra"]
[Source "ChessBase"]
[SourceDate "2022.09.30"]
[SourceVersion "1"]
[SourceVersionDate "2022.09.30"]
[SourceQuality "1"]
[WhiteTeam "Werder Bremen"]
[BlackTeam "Muelheim Nord"]
[WhiteTeamCountry "GER"]
[BlackTeamCountry "GER"]

1. e4 e5 2. Nf3 Nc6 3. Bb5 a6 4. Ba4 Nge7 5. 0-0 g6 6. c3 Bg7 7. d4 exd4 8. cxd4 b5 9. Bc2 d6 10. h3 0-0 11. Nc3 Na5 12. Bf4 Bb7 13. Rb1 Qd7 14. Re1 Rad8 15. d5 Nc4 16. Qc1 c6 17. dxc6 Bxc6 18. Bh6 Ne5 19. Nd4 Ba8 20. Bxg7 Kxg7 21. f4 N5c6 22. Qe3 Qa7 23. Rbd1 Nxd4 24. Qxd4+ Qxd4+ 25. Rxd4 Nc6 26. Rd2 Na5 27. b3 Rc8 28. Re3 Rfd8 29. Kf2 b4 30. Ne2 Bc6 31. Nd4 Nb7 32. Bd3 Nc5 33. Nxc6 Rxc6 34. Bc4 Re8 35. Kf3 Rb6 36. Rd5 Rc8 37. g4 f6 38. e5 dxe5 39. fxe5 Rc7 40. Rd6 Rxd6 41. exd6 Rb7 42. Re8 1-0

[Event "Bundesliga 2122"]
[Site "Germany"]
[Date "2022.05.14"]
[Round "7.8"]
[White "Dinstuhl, Volkmar"]
[Black "Arndt, Magnus"]
[Result "1/2-1/2"]
[WhiteElo "2393"]
[BlackElo "2345"]
[PlyCount "160"]
[EventDate "2022.03.05"]
[EventType "team-tourn"]
[EventRounds "15"]
[EventCountry "GER"]
[SourceTitle "EXT 2023"]
[Source "ChessBase"]
[SourceDate "2022.10.05"]
[SourceVersion "1"]
[SourceVersionDate "2022.10.05"]
[SourceQuality "1"]
[WhiteTeam "Muelheim Nord"]
[BlackTeam "Kiel Turm"]
[WhiteTeamCountry "GER"]
[BlackTeamCountry "GER"]

1. d4 Nf6 2. c4 e6 3. Nc3 Bb4 4. Bg5 h6 5. Bh4 c5 6. d5 exd5 7. cxd5 d6 8. e3 0-0 9. Nf3 Bg4 10. Be2 Nbd7 11. 0-0 a6 12. h3 Bh5 13. g4 Bg6 14. Bd3 Bxd3 15. Qxd3 Qe7 16. Kg2 Bxc3 17. bxc3 Qe4 18. Qxe4 Nxe4 19. Bg3 b5 20. Nh4 Nxg3 21. Kxg3 Nf6 22. Nf5 Rfd8 23. Rac1 Nxd5 24. Rfd1 Nf6 25. f3 d5 26. h4 Kf8 27. g5 hxg5 28. hxg5 Ng8 29. Kf4 g6 30. Ng3 Ne7 31. Rc2 Kg7 32. Rh2 Rh8 33. Rxh8 Rxh8 34. Ke5 Rd8 35. Kf4 Nc6 36. Ne2 a5 37. a3 f6 38. Rb1 Rb8 39. Rd1 Ne7 40. e4 Rd8 41. Rb1 Rb8 42. Rd1 dxe4 43. fxe4 b4 44. axb4 axb4 45. cxb4 cxb4 46. Nd4 fxg5+ 47. Kxg5 b3 48. Ne2 b2 49. Nc3 Rb4 50. Rb1 Nc6 51. Nd1 Rxe4 52. Nf2 Rb4 53. Nd3 Rd4 54. Nf4 Rd2 55. Nxg6 Rg2+ 56. Kh5 Nd4 57. Nf4 Rd2 58. Nd3 Rxd3 59. Rxb2 Rg3 60. Rb6 Kf7 61. Ra6 Nf3 62. Ra7+ Kf6 63. Ra6+ Kf5 64. Kh6 Ne5 65. Kh7 Nd7 66. Ra5+ Kf6 67. Ra6+ Kf5 68. Ra5+ Ne5 69. Kh6 Rg1 70. Kh7 Rg4 71. Rb5 Kf6 72. Rb6+ Kg5 73. Rb5 Kf5 74. Ra5 Rb4 75. Ra6 Rb7+ 76. Kg8 Nd7 77. Kh8 Nf6 78. Ra5+ Ke6 79. Ra6+ Kf7 80. Ra7 Rxa7 1/2-1/2

[Event "Bundesliga 1920"]
[Site "Germany"]
[Date "2021.10.15"]
[Round "12.7"]
[White "Meessen, Rudolf"]
[Black "Dinstuhl, Volkmar"]
[Result "0-1"]
[WhiteElo "2234"]
[BlackElo "2379"]
[PlyCount "96"]
[EventDate "2019.11.23"]
[EventType "team-tourn"]
[EventRounds "15"]
[EventCountry "GER"]
[SourceTitle "EXT 2022"]
[Source "ChessBase"]
[SourceDate "2021.10.06"]
[SourceVersion "1"]
[SourceVersionDate "2021.10.06"]
[SourceQuality "1"]
[WhiteTeam "Aachen"]
[BlackTeam "Muelheim Nord"]
[WhiteTeamCountry "GER"]
[BlackTeamCountry "GER"]

1. d4 d5 2. Nc3 Nf6 3. Bf4 a6 4. e3 e6 5. g4 c5 6. g5 Nfd7 7. a3 Nc6 8. Nf3 b5 9. h4 Bb7 10. h5 Rc8 11. Bh3 Nb6 12. g6 hxg6 13. hxg6 f5 14. Ng5 Qf6 15. Nf7 cxd4 16. exd4 Rg8 17. Qh5 b4 18. 0-0 bxc3 19. bxc3 Ne7 20. Ne5 Nc4 21. Bg5 Rh8 22. Qxh8 Qxg5+ 23. Kh1 Nxe5 24. dxe5 d4+ 25. f3 Rxc3 26. Rab1 Bxf3+ 27. Rxf3 Rxf3 28. Bg2 Nxg6 29. Qg8 Qh6+ 30. Kg1 Qe3+ 31. Kh1 Qh6+ 32. Kg1 Qe3+ 33. Kh1 Rh3+ 34. Bxh3 Qxh3+ 35. Kg1 Qg3+ 36. Kf1 Qf4+ 37. Kg1 Qxe5 38. Kf1 Qf4+ 39. Kg1 Qe3+ 40. Kf1 Qf3+ 41. Kg1 Ke7 42. Qh7 Qg3+ 43. Kf1 Nh4 44. Rb3 Qg2+ 45. Ke1 Nf3+ 46. Rxf3 Qxf3 47. Qh4+ Kf7 48. Qh5+ Qxh5 0-1

[Event "Oberliga NRW 1920"]
[Site "Germany"]
[Date "2019.11.10"]
[Round "3.2"]
[White "Hendriks, Willy"]
[Black "Dinstuhl, Volkmar"]
[Result "1/2-1/2"]
[WhiteElo "2397"]
[BlackElo "2323"]
[PlyCount "67"]
[EventDate "2019.09.15"]
[EventType "team-tourn"]
[EventRounds "9"]
[EventCountry "GER"]
[SourceTitle "CBM 195 Extra"]
[Source "ChessBase"]
[SourceDate "2020.05.31"]
[SourceVersion "1"]
[SourceVersionDate "2020.05.31"]
[SourceQuality "1"]
[WhiteTeam "Bochum SG"]
[BlackTeam "Muelheim Nord II"]
[WhiteTeamCountry "GER"]
[BlackTeamCountry "GER"]

1. g3 e5 2. Bg2 d5 3. c4 d4 4. d3 Bb4+ 5. Bd2 a5 6. Nf3 Nc6 7. 0-0 Bxd2 8. Nbxd2 Nf6 9. b3 0-0 10. a3 Re8 11. Qc2 h6 12. Qb2 Qe7 13. Rab1 Bf5 14. Rfe1 Rad8 15. Rbd1 Bh7 16. Qa1 Qc5 17. Qb2 e4 18. dxe4 Nxe4 19. Nxe4 Bxe4 20. Qc1 Bxf3 21. Bxf3 Ne5 22. Bg2 b6 23. Qb2 a4 24. Bd5 axb3 25. Qxb3 c6 26. Bg2 Ra8 27. a4 Re6 28. Rb1 Ra6 29. Rec1 Rf6 30. Rb2 Ng4 31. Rf1 Ne5 32. Rc1 Ng4 33. Rf1 Ne5 34. Rc1 1/2-1/2

[Event "Bundesliga 1819"]
[Site "Germany"]
[Date "2019.04.07"]
[Round "15.6"]
[White "Kovalenko, Igor"]
[Black "Dinstuhl, Volkmar"]
[Result "1/2-1/2"]
[WhiteElo "2644"]
[BlackElo "2375"]
[PlyCount "119"]
[EventDate "2018.11.10"]
[EventType "team-tourn"]
[EventRounds "15"]
[EventCountry "GER"]
[SourceTitle "CBM 189 Extra"]
[Source "ChessBase"]
[SourceDate "2019.06.03"]
[SourceVersion "1"]
[SourceVersionDate "2019.06.03"]
[SourceQuality "1"]
[WhiteTeam "Viernheim"]
[BlackTeam "Muelheim Nord"]
[WhiteTeamCountry "GER"]
[BlackTeamCountry "GER"]

1. e4 c5 2. Nf3 d6 3. d4 cxd4 4. Nxd4 Nf6 5. Nc3 a6 6. g3 e5 7. Nb3 Nbd7 8. a4 b6 9. Bg2 Bb7 10. 0-0 Be7 11. Re1 0-0 12. Nd2 Rc8 13. Qe2 Qc7 14. Nf1 Rfe8 15. Ne3 g6 16. Bd2 Nc5 17. Ng4 Ne6 18. Be3 Nd4 19. Nxf6+ Bxf6 20. Qd1 Bg7 21. Rc1 b5 22. axb5 axb5 23. Qd3 b4 24. Nb5 Qb6 25. Nxd4 exd4 26. Bd2 Ba6 27. Qb3 Rb8 28. Ra1 Rec8 29. Bh3 Bc4 30. Qxb4 Qxb4 31. Bxb4 Be6 32. Bxe6 fxe6 33. Bxd6 Rxb2 34. e5 g5 35. Reb1 Rcxc2 36. Rxb2 Rxb2 37. Rd1 Rb5 38. f4 gxf4 39. gxf4 Kf7 40. Rxd4 Kg6 41. Bb4 Kf5 42. Kg2 Bh6 43. Kf3 Rb7 44. h3 Ra7 45. Bd2 Ra1 46. Rd7 Rf1+ 47. Kg3 Ke4 48. Rf7 Rg1+ 49. Kh4 Rd1 50. Kh5 Rxd2 51. Kxh6 Rh2 52. Kxh7 Rxh3+ 53. Kg6 Rf3 54. Kg5 Rf1 55. Ra7 Rb1 56. Ra4+ Kd5 57. Ra6 Ke4 58. Rxe6 Rg1+ 59. Kf6 Rf1 60. Ra6 1/2-1/2

[Event "Bundesliga 1718"]
[Site "Germany"]
[Date "2018.04.29"]
[Round "13.6"]
[White "Dinstuhl, Volkmar"]
[Black "Schmidek, Emil"]
[Result "1/2-1/2"]
[WhiteElo "2393"]
[BlackElo "2387"]
[PlyCount "53"]
[EventDate "2017.10.21"]
[EventType "team-tourn"]
[EventRounds "15"]
[EventCountry "GER"]
[SourceTitle "CBM 184"]
[Source "ChessBase"]
[SourceDate "2018.05.16"]
[SourceVersion "1"]
[SourceVersionDate "2018.05.16"]
[SourceQuality "1"]
[WhiteTeam "Muelheim"]
[BlackTeam "Berlin SF"]
[WhiteTeamCountry "GER"]
[BlackTeamCountry "GER"]

1. c4 Nf6 2. Nc3 d5 3. cxd5 Nxd5 4. g3 g6 5. Bg2 Nxc3 6. bxc3 Bg7 7. Nf3 0-0 8. 0-0 c5 9. Rb1 Nc6 10. Qa4 Qa5 11. Qxa5 Nxa5 12. d4 b6 13. Ng5 Bb7 14. dxc5 h6 15. Nf3 Be4 16. Rb4 Bd5 17. Ne1 Bxg2 18. Kxg2 Bxc3 19. Rb5 Rfc8 20. Nd3 Kg7 21. Bf4 g5 22. Rc1 Bd4 23. Bd2 Nb7 24. cxb6 Bxb6 25. Rbb1 Nd6 26. Bb4 Kf6 27. Bc5 1/2-1/2

[Event "Bundesliga 1617"]
[Site "Germany"]
[Date "2017.04.30"]
[Round "14.4"]
[White "Kovacs, Gabor H"]
[Black "Dinstuhl, Volkmar"]
[Result "1-0"]
[WhiteElo "2456"]
[BlackElo "2409"]
[PlyCount "61"]
[EventDate "2016.10.15"]
[EventType "team-tourn"]
[EventRounds "15"]
[EventCountry "GER"]
[SourceTitle "CBM 178"]
[Source "ChessBase"]
[SourceDate "2017.05.14"]
[SourceVersion "1"]
[SourceVersionDate "2017.05.14"]
[SourceQuality "1"]
[WhiteTeam "Schwegenheim"]
[BlackTeam "Muelheim"]
[WhiteTeamCountry "GER"]
[BlackTeamCountry "GER"]

1. d4 Nf6 2. c4 e6 3. Nc3 Bb4 4. e3 0-0 5. Bd3 d5 6. Nf3 Nc6 7. 0-0 a6 8. a3 dxc4 9. Bxc4 Bd6 10. Qc2 Qe7 11. Bd2 h6 12. Rfe1 Bd7 13. e4 e5 14. Nd5 Qd8 15. Rac1 Nxd5 16. Bxd5 exd4 17. e5 Be7 18. Qb3 Be8 19. Be4 Qc8 20. Bc2 Bd7 21. Qd3 g6 22. Bxh6 Bf5 23. Qd2 Rd8 24. Ba4 d3 25. Bxc6 bxc6 26. Rxc6 Qb7 27. Qc3 Rac8 28. h3 Be6 29. Rc1 Bd5 30. Rxc7 Bxf3 31. Rxc8 1-0

[Event "Bundesliga 1617"]
[Site "Germany"]
[Date "2016.12.03"]
[Round "5.5"]
[White "Dinstuhl, Volkmar"]
[Black "Gretz, Denis"]
[Result "0-1"]
[WhiteElo "2409"]
[BlackElo "2339"]
[PlyCount "80"]
[EventDate "2016.10.15"]
[EventType "team-tourn"]
[EventRounds "15"]
[EventCountry "GER"]
[SourceTitle "CBM 176"]
[Source "ChessBase"]
[SourceDate "2017.01.17"]
[SourceVersion "1"]
[SourceVersionDate "2017.01.17"]
[SourceQuality "1"]
[WhiteTeam "Muelheim"]
[BlackTeam "Bayern Muenchen"]
[WhiteTeamCountry "GER"]
[BlackTeamCountry "GER"]

1. d4 f5 2. Nc3 Nf6 3. Bg5 d5 4. f3 Nc6 5. Qd2 e6 6. 0-0-0 Be7 7. e4 fxe4 8. fxe4 dxe4 9. Bb5 0-0 10. Nh3 Nb4 11. Bxf6 gxf6 12. a3 c6 13. Be2 Nd5 14. Nxe4 b5 15. c3 Bd7 16. Nc5 Bxc5 17. dxc5 Qe7 18. b4 e5 19. Nf2 f5 20. g4 fxg4 21. Nxg4 Bxg4 22. Bxg4 Rf4 23. Rhg1 Kh8 24. Rdf1 Raf8 25. Be2 Qh4 26. Rxf4 Rxf4 27. Rg2 Qh3 28. Bxb5 cxb5 29. Kb2 Qe6 30. Qd3 a6 31. Qg3 Qf7 32. Rd2 Ne7 33. Qg5 Qg7 34. Rd8+ Ng8 35. Qh5 Rf2+ 36. Kb3 e4 37. c6 Rf3 38. Qc5 Qf7+ 39. Rd5 Rd3 40. c7 Rxd5 0-1

[Event "Bundesliga 1516"]
[Site "Germany"]
[Date "2016.04.23"]
[Round "14.8"]
[White "Dinstuhl, Volkmar"]
[Black "Meier, Georg"]
[Result "0-1"]
[WhiteElo "2406"]
[BlackElo "2656"]
[PlyCount "90"]
[EventDate "2015.09.18"]
[EventType "team-tourn"]
[EventRounds "15"]
[EventCountry "GER"]
[SourceTitle "CBM 172"]
[Source "ChessBase"]
[SourceDate "2016.05.12"]
[SourceVersion "1"]
[SourceVersionDate "2016.05.12"]
[SourceQuality "1"]
[WhiteTeam "Muelheim Nord"]
[BlackTeam "Baden-Baden"]
[WhiteTeamCountry "GER"]
[BlackTeamCountry "GER"]

1. Nf3 d5 2. g3 Bg4 3. Bg2 e6 4. c4 c6 5. b3 Nf6 6. Bb2 Nbd7 7. 0-0 Bd6 8. d3 0-0 9. Nbd2 h6 10. h3 Bh5 11. Qc2 Bg6 12. e4 dxe4 13. dxe4 Qe7 14. Rae1 Rfd8 15. Kh1 a5 16. Re2 Ba3 17. Qc1 Bxb2 18. Qxb2 Nc5 19. e5 Nfd7 20. Re3 a4 21. Qc3 axb3 22. axb3 Ra3 23. Qb4 Rda8 24. Nh4 Bh7 25. Be4 Qd8 26. Bxh7+ Kxh7 27. Nhf3 Kg8 28. Ne4 Nxe4 29. Rxe4 Qf8 30. Qxf8+ Kxf8 31. Re3 Nc5 32. Rb1 Rd8 33. Ne1 Rd2 34. Kg1 g5 35. g4 Ke7 36. Rf3 Raa2 37. b4 Ne4 38. Nd3 Rdc2 39. Re1 Rxc4 40. Rfe3 Nc3 41. Rc1 b5 42. Rce1 Nd5 43. Re4 Rc3 44. Rd1 Rcc2 45. Rd4 Nc3 0-1

[Event "Bundesliga 1516"]
[Site "Germany"]
[Date "2015.12.13"]
[Round "4.3"]
[White "Dinstuhl, Volkmar"]
[Black "Walter, Stefan1111"]
[Result "1/2-1/2"]
[WhiteElo "2406"]
[BlackElo "2402"]
[PlyCount "74"]
[EventDate "2015.09.18"]
[EventType "team-tourn"]
[EventRounds "15"]
[EventCountry "GER"]
[SourceTitle "CBM 170"]
[Source "ChessBase"]
[SourceDate "2016.01.15"]
[SourceVersion "1"]
[SourceVersionDate "2016.01.15"]
[SourceQuality "1"]
[WhiteTeam "Muelheim Nord"]
[BlackTeam "Griesheim"]
[WhiteTeamCountry "GER"]
[BlackTeamCountry "GER"]

1. d4 Nf6 2. c4 e6 3. Nf3 d5 4. Nc3 Be7 5. Bg5 h6 6. Bxf6 Bxf6 7. e3 0-0 8. Qd2 Nc6 9. cxd5 exd5 10. g3 Na5 11. Bg2 Nc4 12. Qe2 c6 13. 0-0 Re8 14. Rfd1 Bf5 15. Rac1 Re7 16. b3 Nd6 17. Qb2 Qe8 18. h3 Qd7 19. g4 Bg6 20. Ne2 Rae8 21. Nf4 Be4 22. Nh5 Bg5 23. Re1 Bxf3 24. Bxf3 Ne4 25. Bxe4 Rxe4 26. Ng3 R4e6 27. Rc2 g6 28. Rce2 Bh4 29. Kg2 Qd6 30. Nf1 Kh7 31. Nd2 Bf6 32. Qc3 Kg7 33. Qd3 Qb4 34. Nf3 Re4 35. Nd2 R4e6 36. Nf3 Re4 37. Nd2 R4e6 1/2-1/2

[Event "Bundesliga 1415"]
[Site "Germany"]
[Date "2015.04.11"]
[Round "14.8"]
[White "Dinstuhl, Volkmar"]
[Black "Boguslawski, Oleg"]
[Result "0-1"]
[WhiteElo "2411"]
[BlackElo "2441"]
[PlyCount "78"]
[EventDate "2014.10.18"]
[EventType "team-tourn"]
[EventRounds "15"]
[EventCountry "GER"]
[SourceTitle "CBM 166"]
[Source "ChessBase"]
[SourceDate "2015.05.11"]
[SourceVersion "1"]
[SourceVersionDate "2015.05.11"]
[SourceQuality "1"]
[WhiteTeam "Muelheim Nord"]
[BlackTeam "Hockenheim"]
[WhiteTeamCountry "GER"]
[BlackTeamCountry "GER"]

1. c4 Nf6 2. Nc3 c5 3. Nf3 Nc6 4. d4 cxd4 5. Nxd4 g6 6. Nc2 Bg7 7. e4 d6 8. Be2 0-0 9. 0-0 Nd7 10. Bd2 a5 11. Rc1 Nc5 12. f3 Nb4 13. a3 Nc6 14. Bg5 Nb3 15. Rb1 Be6 16. Ne3 Nbd4 17. Ned5 Re8 18. Kh1 Rc8 19. b3 h6 20. Bh4 Bxd5 21. exd5 Nxe2 22. Nxe2 Ne5 23. Nd4 a4 24. f4 Nd7 25. Nb5 Nb6 26. bxa4 Nxc4 27. Re1 Qd7 28. Rb4 e6 29. Na7 Rc5 30. dxe6 Rxe6 31. Bf2 Nb2 32. Qb1 Rxe1+ 33. Bxe1 Qe6 34. Bf2 Rd5 35. Re4 Rd1+ 36. Qxd1 Nxd1 37. Rxe6 Nxf2+ 38. Kg1 fxe6 39. Kxf2 Bd4+ 0-1

[Event "Bundesliga 1415"]
[Site "Germany"]
[Date "2014.12.06"]
[Round "5.8"]
[White "Seifert, Volker"]
[Black "Dinstuhl, Volkmar"]
[Result "1/2-1/2"]
[WhiteElo "2342"]
[BlackElo "2411"]
[PlyCount "161"]
[EventDate "2014.10.18"]
[EventType "team-tourn"]
[EventRounds "15"]
[EventCountry "GER"]
[SourceTitle "CBM 164"]
[Source "ChessBase"]
[SourceDate "2015.01.15"]
[SourceVersion "1"]
[SourceVersionDate "2015.01.15"]
[SourceQuality "1"]
[WhiteTeam "Dresden TU"]
[BlackTeam "Muelheim Nord"]
[WhiteTeamCountry "GER"]
[BlackTeamCountry "GER"]

1. d4 Nf6 2. c4 e6 3. Nc3 Bb4 4. Qc2 d5 5. a3 Bxc3+ 6. Qxc3 Ne4 7. Qc2 c5 8. dxc5 Nc6 9. Nf3 Qa5+ 10. Bd2 Nxd2 11. Qxd2 dxc4 12. Qxa5 Nxa5 13. Rc1 b5 14. cxb6 axb6 15. Nd4 Bd7 16. Rc3 0-0 17. e3 Rfc8 18. Be2 e5 19. Nc2 Bc6 20. 0-0 b5 21. Nb4 Bb7 22. Rd1 Nb3 23. Nd5 Bxd5 24. Rxd5 Rc5 25. Rd7 Kf8 26. Bf3 Rac8 27. Bd5 R8c7 28. Rxc7 Rxc7 29. g3 Nc5 30. b3 Nxb3 31. Be4 g6 32. Bc2 Ra7 33. Bxb3 Rxa3 34. Bxc4 Rxc3 35. Bxb5 f5 36. h4 Ke7 37. Kg2 Rc2 38. Ba4 Rb2 39. Bc6 Kd6 40. Be8 Rb8 41. Bf7 Ke7 42. Bd5 Rb2 43. Bg8 h6 44. Bd5 Kf6 45. Bc4 e4 46. Kf1 g5 47. hxg5+ hxg5 48. Bd5 Rb4 49. Bc6 Rb6 50. Bd5 Ke5 51. Bc4 Rb1+ 52. Kg2 Rb2 53. Kf1 f4 54. gxf4+ gxf4 55. exf4+ Kxf4 56. Be2 e3 57. fxe3+ Kxe3 58. Bh5 Rh2 59. Bg4 Rf2+ 60. Kg1 Rf6 61. Kg2 Rg6 62. Kh3 Kf4 63. Bd1 Rg3+ 64. Kh2 Rd3 65. Bh5 Rd5 66. Be8 Rd2+ 67. Kh3 Rd8 68. Bc6 Rg8 69. Bd5 Rg5 70. Bc6 Rg6 71. Bb7 Rg7 72. Bc6 Rg3+ 73. Kh2 Kg4 74. Bd5 Re3 75. Kg2 Re2+ 76. Kf1 Rb2 77. Bc6 Kf4 78. Bd5 Ke3 79. Bc6 Rc2 80. Bd5 Rf2+ 81. Kg1 1/2-1/2

[Event "Bundesliga 1415"]
[Site "Germany"]
[Date "2014.11.09"]
[Round "4.8"]
[White "Janssen, Ruud"]
[Black "Dinstuhl, Volkmar"]
[Result "1/2-1/2"]
[WhiteElo "2460"]
[BlackElo "2411"]
[PlyCount "89"]
[EventDate "2014.10.18"]
[EventType "team-tourn"]
[EventRounds "15"]
[EventCountry "GER"]
[SourceTitle "CBM 164"]
[Source "ChessBase"]
[SourceDate "2015.01.15"]
[SourceVersion "1"]
[SourceVersionDate "2015.01.15"]
[SourceQuality "1"]
[WhiteTeam "Emsdetten Turm"]
[BlackTeam "Muelheim Nord"]
[WhiteTeamCountry "GER"]
[BlackTeamCountry "GER"]

1. c4 e5 2. Nc3 Bb4 3. e4 Nf6 4. Nge2 0-0 5. g3 d6 6. Bg2 Be6 7. d3 a5 8. 0-0 c6 9. f4 b5 10. f5 Bc8 11. h3 Nbd7 12. g4 h6 13. Kh2 Ba6 14. cxb5 cxb5 15. Ng3 Bxc3 16. bxc3 Rc8 17. h4 Rxc3 18. g5 hxg5 19. hxg5 Nh7 20. Qh5 b4 21. f6 Bxd3 22. fxg7 Kxg7 23. Qh6+ Kh8 24. Nf5 Rg8 25. Nxd6 Bc4 26. Rxf7 Ndf8 27. g6 Rxg6 28. Rxf8+ Qxf8 29. Qxg6 Rxc1 30. Rxc1 Qf4+ 31. Qg3 Qxc1 32. Qxe5+ Kg8 33. Qg3+ Kh8 34. Qe5+ Kg8 35. Nf5 Qg5 36. Qxa5 Qf4+ 37. Kh1 Qc1+ 38. Kh2 Qf4+ 39. Kg1 Qc1+ 40. Kf2 Qf4+ 41. Bf3 Qh2+ 42. Bg2 Qf4+ 43. Kg1 Qc1+ 44. Kh2 Qf4+ 45. Kg1 1/2-1/2

[Event "Bundesliga 1314"]
[Site "Germany"]
[Date "2014.03.15"]
[Round "11.7"]
[White "Abel, Dennes"]
[Black "Dinstuhl, Volkmar"]
[Result "1-0"]
[WhiteElo "2427"]
[BlackElo "2401"]
[PlyCount "119"]
[EventDate "2013.10.12"]
[EventType "team-tourn"]
[EventRounds "15"]
[EventCountry "GER"]
[SourceTitle "CBM 160"]
[Source "ChessBase"]
[SourceDate "2014.05.15"]
[SourceVersion "1"]
[SourceVersionDate "2014.05.15"]
[SourceQuality "1"]
[WhiteTeam "Berlin SF"]
[BlackTeam "Wattenscheid"]
[WhiteTeamCountry "GER"]
[BlackTeamCountry "GER"]

1. b3 e5 2. Bb2 d6 3. e3 Nf6 4. Ne2 g6 5. d4 exd4 6. Nxd4 Bg7 7. c4 0-0 8. Nc3 d5 9. cxd5 Nxd5 10. Rc1 c6 11. Bc4 Nb6 12. Be2 N8d7 13. 0-0 Nf6 14. Ba3 Re8 15. Bf3 Nbd5 16. Nxd5 Nxd5 17. Qd2 Qg5 18. Rfd1 Bg4 19. Bxg4 Qxg4 20. h3 Qh5 21. Nf3 Rad8 22. Bb2 Bxb2 23. Qxb2 Nb4 24. Qf6 Rxd1+ 25. Rxd1 Nd5 26. Qd4 Nb6 27. Qf6 Nd5 28. Qd4 Nb6 29. e4 Qb5 30. Qf6 Qe2 31. Rd8 Rxd8 32. Qxd8+ Kg7 33. Qd4+ Kg8 34. a4 Qa2 35. Qb4 c5 36. Qxc5 Qb1+ 37. Kh2 Qxe4 38. Qc7 Qd5 39. Qb8+ Kg7 40. Qxa7 Qd6+ 41. g3 Qc6 42. Ne5 Qc5 43. Nd3 Qc6 44. a5 Nd5 45. Qd4+ Kg8 46. Nb4 Nxb4 47. Qxb4 Qf3 48. Qb6 h5 49. h4 Kh7 50. b4 Kg8 51. b5 Kh7 52. a6 bxa6 53. bxa6 Kg8 54. a7 Kh7 55. Qe3 Qb7 56. Qa3 Qa8 57. Qa6 Kg7 58. Kg1 Kg8 59. Qb6 Kh7 60. Qb8 1-0

[Event "Bundesliga 1314"]
[Site "Germany"]
[Date "2013.12.15"]
[Round "6.8"]
[White "Dinstuhl, Volkmar"]
[Black "Boguslawski, Oleg"]
[Result "1-0"]
[WhiteElo "2401"]
[BlackElo "2442"]
[PlyCount "65"]
[EventDate "2013.10.12"]
[EventType "team-tourn"]
[EventRounds "15"]
[EventCountry "GER"]
[SourceTitle "CBM 158"]
[Source "ChessBase"]
[SourceDate "2014.01.16"]
[SourceVersion "1"]
[SourceVersionDate "2014.01.16"]
[SourceQuality "1"]
[WhiteTeam "Wattenscheid"]
[BlackTeam "Hockenheim"]
[WhiteTeamCountry "GER"]
[BlackTeamCountry "GER"]

1. Nf3 Nf6 2. c4 e6 3. Nc3 Bb4 4. g3 b6 5. Bg2 Bb7 6. 0-0 0-0 7. Qb3 c5 8. d3 Nc6 9. a3 Ba5 10. e4 d6 11. h3 Nd7 12. Be3 Nde5 13. Ne2 Nxf3+ 14. Bxf3 e5 15. Bg2 a6 16. f4 Nd4 17. Qd1 b5 18. fxe5 dxe5 19. Nc3 Rb8 20. Rb1 bxc4 21. dxc4 Bc6 22. Nd5 Bxd5 23. exd5 Qd6 24. Kh1 Bc7 25. Bg1 a5 26. b3 Qg6 27. g4 f5 28. b4 fxg4 29. bxc5 Nf5 30. Rxf5 Rxb1 31. Qxb1 Rxf5 32. d6 Bd8 33. c6 1-0

[Event "Bundesliga 1213"]
[Site "Germany"]
[Date "2013.04.07"]
[Round "15.7"]
[White "Hausrath, Daniel"]
[Black "Dinstuhl, Volkmar"]
[Result "1-0"]
[WhiteElo "2484"]
[BlackElo "2409"]
[PlyCount "69"]
[EventDate "2012.10.20"]
[EventType "team-tourn"]
[EventRounds "15"]
[EventCountry "GER"]
[SourceTitle "CBM 154"]
[Source "ChessBase"]
[SourceDate "2013.05.15"]
[SourceVersion "1"]
[SourceVersionDate "2013.05.15"]
[SourceQuality "1"]
[WhiteTeam "Muelheim"]
[BlackTeam "Wattenscheid"]
[WhiteTeamCountry "GER"]
[BlackTeamCountry "GER"]

1. Nf3 d5 2. g3 g6 3. Bg2 Bg7 4. d4 Nf6 5. 0-0 0-0 6. c4 dxc4 7. Na3 Nc6 8. Nxc4 Be6 9. b3 Bd5 10. Bb2 a5 11. a4 Qc8 12. Rc1 Rd8 13. e3 h6 14. Qe2 Qe6 15. Rfd1 Rab8 16. Nfe5 Bxg2 17. Kxg2 Nxe5 18. dxe5 Nd5 19. e4 Nb4 20. Rxd8+ Rxd8 21. Rd1 Rxd1 22. Qxd1 Qc6 23. f3 b6 24. Qd8+ Bf8 25. e6 f5 26. exf5 gxf5 27. Qd7 Qd5 28. Be5 c6 29. Bd4 Nc2 30. Bxb6 Ne1+ 31. Kf2 Qxf3+ 32. Kxe1 Qxb3 33. Qxc6 Bg7 34. Bxa5 Qb1+ 35. Ke2 1-0

[Event "Bundesliga 1213"]
[Site "Germany"]
[Date "2012.12.08"]
[Round "5.8"]
[White "Dinstuhl, Volkmar"]
[Black "Guliyev, Namig"]
[Result "1/2-1/2"]
[WhiteElo "2409"]
[BlackElo "2546"]
[PlyCount "83"]
[EventDate "2012.10.20"]
[EventType "team-tourn"]
[EventRounds "15"]
[EventCountry "GER"]
[SourceTitle "CBM 152"]
[Source "ChessBase"]
[SourceDate "2013.01.15"]
[SourceVersion "1"]
[SourceVersionDate "2013.01.15"]
[SourceQuality "1"]
[WhiteTeam "Wattenscheid"]
[BlackTeam "Eppingen"]
[WhiteTeamCountry "GER"]
[BlackTeamCountry "GER"]

1. d4 d5 2. c4 dxc4 3. e3 e5 4. Bxc4 exd4 5. exd4 Nf6 6. Nf3 Be7 7. 0-0 0-0 8. h3 Nbd7 9. Nc3 Nb6 10. Bb3 Nfd5 11. Qd3 c6 12. Bd2 g6 13. Ne4 Bf5 14. g4 Bxe4 15. Qxe4 Re8 16. Rfe1 Bb4 17. Qxe8+ Qxe8 18. Rxe8+ Rxe8 19. Bxb4 Nxb4 20. Re1 Rxe1+ 21. Nxe1 Kg7 22. Kg2 a5 23. a3 a4 24. Bd1 N4d5 25. Nd3 g5 26. Kf3 h6 27. Nc5 Nc4 28. Bxa4 Nxb2 29. Bb3 b6 30. Nd7 b5 31. Ne5 Nf4 32. Bxf7 Nbd3 33. Be8 Ne1+ 34. Ke4 Nc2 35. Bxc6 Nxa3 36. h4 b4 37. hxg5 hxg5 38. Ba4 Ne2 39. Kd3 Nf4+ 40. Ke4 Nb1 41. Kf5 Nd2 42. Kxg5 1/2-1/2

[Event "Bundesliga 1112"]
[Site "Germany"]
[Date "2012.04.15"]
[Round "15.6"]
[White "Reeh, Oliver"]
[Black "Dinstuhl, Volkmar"]
[Result "1/2-1/2"]
[WhiteElo "2453"]
[BlackElo "2408"]
[PlyCount "43"]
[EventDate "2011.10.14"]
[EventType "team-tourn"]
[EventRounds "15"]
[EventCountry "GER"]
[SourceTitle "CBM 148"]
[Source "ChessBase"]
[SourceDate "2012.05.16"]
[SourceVersion "1"]
[SourceVersionDate "2012.05.16"]
[SourceQuality "1"]
[WhiteTeam "Hamburger SK"]
[BlackTeam "Wattenscheid"]
[WhiteTeamCountry "GER"]
[BlackTeamCountry "GER"]

1. e4 d6 2. d4 Nf6 3. Nc3 g6 4. f4 Bg7 5. Nf3 c5 6. dxc5 Qa5 7. Bd3 Qxc5 8. Qe2 Bg4 9. Be3 Qa5 10. 0-0 0-0 11. Qe1 Bxf3 12. Rxf3 Nc6 13. Kh1 Rac8 14. a3 d5 15. e5 d4 16. exf6 Bxf6 17. Ne4 dxe3 18. Nxf6+ exf6 19. Qxe3 Rfe8 20. Qf2 Kg7 21. Rf1 Re7 22. Re3 1/2-1/2